Normal view
MARC view
- SUPERVISOR Asst Prof. Dr Hasan Aftab Saeed Asst Prof. Yasser Riaz Awan
Entry Personal Name
001 - CONTROL NUMBER
- control field: 70989
003 - CONTROL NUMBER IDENTIFIER
- control field: NUST
005 - DATE AND TIME OF LATEST TRANSACTION
- control field: 20210628204558.0
008 - FIXED-LENGTH DATA ELEMENTS
- fixed length control field: 210628|| aca||aabn | a|a d
040 ## - CATALOGING SOURCE
- Original cataloging agency: NUST
- Transcribing agency: NUST
100 ## - HEADING--PERSONAL NAME
- Personal name: SUPERVISOR Asst Prof. Dr Hasan Aftab Saeed Asst Prof. Yasser Riaz Awan
670 ## - SOURCE DATA FOUND
- Source citation: Work cat.: (NUST): AYESHA ZAKA SYEDA RAMEESHA RAZA SYEDA SHAMAMA TALISH BUKHARI 70988, PR-SOF-1612- FRICTION STIR WELDING IN ALUMINUM AA7075-T6 A NUMERICAL APPROACH, 2017
